000 00830nam a22002297a 4500
999 _c7102
_d7102
003 AR-CdUCM
008 190319b ||||| |||| 00| 0 spa d
040 _aMUNICIPALIDAD PROVINCIAL DEL CUSCO
_cBIBLIOTECA MUNICIPAL DEL CUSCO
041 _heng
082 _22ed.
_a636.07 /
_bP41
100 _aPeters, Walter H.
_920009
245 _aGanadería productiva /
260 _aMéxico, D. F :
_bHispano -americana,
_c1955.
300 _a445 páginas;
_bIlustraciones,
_c23 cm.
500 _aTitulo original: Livestock production.
505 _aCampo de la producción animal -- Producción de ganado vacuno -- Producción de ganado lechero -- Producción porcina ...
650 _aGanadería
_9321
700 _aGrummer, Robert H.
_920010
700 _aAdarraga, Juan de (traductor)
_920011
942 _2ddc
_cLIBROS
945 _aacv